|
|
|
|
| LEADER |
00000nkm a2200000 a 4500 |
| 001 |
vtls011863740 |
| 003 |
SK-MaSNL |
| 005 |
20260512124806.0 |
| 007 |
kp bo |
| 008 |
240131q1924 xo g 00 kuslo |
| 015 |
|
|
|a SNBG1924
|
| 035 |
|
|
|a urn:nbn:sk:snk-km00dv8t
|
| 035 |
|
|
|a urn:nbn:sk:snk-km3lst8
|
| 035 |
|
|
|a CFDA00B5-8985-4ECB-B43B-3964BC407D38
|
| 040 |
|
|
|a SNK
|b slo
|c SNK
|e AACR2
|
| 041 |
0 |
|
|a slo
|
| 043 |
|
|
|a e-xo---
|
| 044 |
|
|
|a xo
|c SK
|
| 072 |
|
7 |
|a 913
|x Regionálna geografia
|2 konspekt
|
| 080 |
|
|
|a 913(437.6)
|2 2011
|
| 080 |
|
|
|a (084.121)
|2 2011
|
| 080 |
|
|
|a 355.711
|2 2011
|
| 245 |
0 |
0 |
|a Pozdrav z Čace
|h grafika
|
| 260 |
|
|
|a Čaca
|b Emil Taub, kníhkupectvo, papierový obchod a kníhtlačiareň
|c [1924?]
|e [Praha]
|f JKO
|
| 300 |
|
|
|a 1 pohľadnica
|b čiernobiela
|c 9 x 14 cm
|
| 500 |
|
|
|a Názvové údaje prevzaté z obrazovej časti pohľadnice
|
| 520 |
8 |
|
|a Zobrazenie: Pohľad na vojenský barakový tábor
|
| 650 |
0 |
7 |
|a kasárne
|2 SNKPH
|9 29949
|
| 651 |
|
7 |
|a Čadca (Slovensko)
|2 SNKPHgeo
|9 28627
|
| 655 |
|
7 |
|a miestne pohľadnice
|2 SNKPH
|9 70510
|
| 752 |
|
|
|a Slovensko
|d Čadca
|
| 852 |
|
|
|a Slovenská národná knižnica
|
| 958 |
|
|
|a GBN
|
| 958 |
|
|
|a GC
|
| 958 |
|
|
|a OND
|
| 958 |
|
|
|a EUIPO
|
| 999 |
|
|
|c 946901
|d 948831
|
| 952 |
|
|
|a SNK
|b SNK
|y PREZ
|7 0
|p 17A1224114
|o snkSP 10187
|z Pohľadnica prešla poštou.
|0 0
|1 0
|4 0
|d 2019-04-30
|f 1
|l 0
|r 2026-02-24 09:36:55
|w 2026-02-24
|